000 00463nmm a2200169Ia 4500
008 251105s9999||||xx |||||||||||||||||und||
020 _a9788475225101
041 _aspa
100 _aBenedetti, Mario
245 0 _aInventario Tres
264 _a[Madrid, España] :
_bVisor Libros,
_c2003
300 _a543 páginas
490 _aVisor de Poesía
650 _aLatin American poetry
856 _uhttps://public.digitaliapublishing.com/a/76831
942 _cCF
999 _c84962
_d84962